| 000 | 00780nam a2200217Ia 4500 | ||
|---|---|---|---|
| 008 | 130821s2007 mx a gr spa | ||
| 020 | _a9789701060544 | ||
| 040 |
_aCo-BoUCM _bspa |
||
| 041 | 0 | 0 | _aspa |
| 100 | 1 |
_aFernández Valiñas, Ricardo _9160421 |
|
| 245 | 1 | 0 |
_aManual para elaborar un plan de mercadotecnia _cRicardo Fernández Valiñas |
| 260 |
_aMéxico D.F. (México) _bMcGraw-Hill _c2007 |
||
| 300 |
_axvii, 199 páginas _bilustraciones, gráficas |
||
| 504 | _aIncluye referencias bibliográficas. | ||
| 650 | 0 | 4 |
_aAdministración de empresas _9435 |
| 650 | 0 | 4 |
_aAdministración de ventas _98582 |
| 650 | 0 | 4 |
_aInvestigación de mercados _917986 |
| 650 | 0 | 4 |
_aMercadeo _919305 |
| 942 |
_cLIBRO _a16 _e1 _mF365m _2DEWEY _h658.8 |
||
| 999 |
_c40003 _d40003 |
||